000 00469nam a2200169Ia 4500
008 191130s2001##################000#0#eng##
020 _a9789026518317
040 _aACL
_cACL
082 _a780.19 GOD
100 _aGodøy, Rolf Inge
245 _aMusical imagery
_cRolf Inge Godøy; Harald Jørgensen
260 _aLisse
_bSwets & Zeitlinger Publishers
_c2001
650 _aMusic
990 _aa6f15ea6ac10000c72e865a25d7ebaad
991 _a342040
999 _c16988
_d16988